000 02171nam a22003137a 4500
001 10012
003 FISKH
005 20260327113555.0
008 260327b cb ||||| |||| 00| 0 eng d
020 _a9789996388071
040 _aFISKH
_bBing
_cFISKH
_dFISKH
050 _aPZ7
082 _a398.2
100 _aSocheata , Soth
245 _aធុងទឹក :
_bBucket /
_cនិពន្ធនិងរៀបរៀងដោយ អ្នកស្រី សុត សុជាតា , ពិនិត្យអក្ខរាវិរុទ្ធអក្សរខ្មែរ ឯកឧត្តមសាស្រ្តាចារ្យបណ្ឌិត ខៀវ កុសល​ និង លោក​ ប៉ាង ម៉ារ៉ាឌី
250 _aបោះពុម្ពលើកទី១នៅប្រទេសកម្ពុជា ខែមករា ឆ្នាំ ២០១៥ ដោយ សៀវភៅប្រាជ្ញា
260 _aភ្នំពេញ :
_bគ្រឹះស្ថានបោះពុម្ពផ្សាយសៀវភៅប្រាជ្ញា ,
_c2015 .
300 _a17 pages :
_bcolor illustrations ;
_c26 cm .
505 _aH
520 _aរឿងមួយនេះ អប់រំអត្តចរិកប្អូនៗកុមារអោយស្គាល់នូវភាពទន់ខ្សោយរបស់ខ្លួន ព្រោះការទទួលស្គាល់ភាពទន់ខ្សោយជាការដែលឈានទៅរកការអភិវឌ្ឍន៏ ដើម្បីជួយខ្លួនឯងនិងអ្នកដទៃទៀតជាច្រើន ។
520 _aThis story aims at educating kids to accept their weakness because recongnizing this weakness will enable them to turn their weakness to be helpful for themselves and other people .
521 8 _a400
_bLexile estimate
521 8 _aH
_bRaz-Plus
650 _aធុងទឹក
_vរឿងនិទានកុមារ
650 _aBucket
_vChildren's Stories
700 _aBunthon , Theak
_eIllustrator
942 _2ddc
_cBK
_n0
999 _c10012
_d10012